Statistics for Писмо Квиз: Латиница (Latin)

Click here to take the quiz!

General Stats

  • This quiz has been taken 553 times
    (548 since last reset)
  • The average score is 29 of 30

Answer Stats

LatinСрпски% Correct
eе
100%
rр
100%
tт
100%
uу
100%
iи
100%
oо
100%
pп
99%
aа
99%
sс
99%
šш
98%
dд
98%
fф
97%
gг
97%
hх
97%
zз
97%
kк
97%
lл
97%
cц
96%
mм
96%
nн
96%
vв
96%
bб
96%
jј
95%
čч
95%
žж
95%
ćћ
93%
đђ
93%
ljљ
93%
njњ
93%
џ
92%

Score Distribution

Percentile by Number Answered

Percent of People with Each Score

Your Score History

You have not taken this quiz since the last reset